Central Library OPAC University of Rajshahi

Household tales / (Record no. 20424)

MARC details
000 -LEADER
fixed length control field 00866cam a2200265u 4500
001 - CONTROL NUMBER
control field 20424
003 - CONTROL NUMBER IDENTIFIER
rucl marc code BD-RjUL
005 - DATE AND TIME OF LATEST TRANSACTION
control field 20211209000550.0
008 - FIXED-LENGTH DATA ELEMENTS--GENERAL INFORMATION
fixed length control field 140301r19061953enka 000 0 eng d
035 ## - SYSTEM CONTROL NUMBER
System control number (BD-RjUL)20486
040 ## - CATALOGING SOURCE
Original cataloging agency DLC
Transcribing agency CarP
Modifying agency DLC
-- BD-RjUL
Language of cataloging eng
041 ## - LANGUAGE CODE
Language code of text/sound track or separate title eng
082 ## - DEWEY DECIMAL CLASSIFICATION NUMBER
Author mark and year GRH 1953
Classification number 833.79
100 1# - MAIN ENTRY--PERSONAL NAME
Personal name Grimm, Jacob,
Dates associated with a name 1785-1863.
9 (RLIN) 62981
245 10 - TITLE STATEMENT
Title Household tales /
Statement of responsibility, etc. Jacob Grimm,
260 ## - PUBLICATION, DISTRIBUTION, ETC. (IMPRINT)
Place of publication, distribution, etc. London :
Name of publisher, distributor, etc. J. M. Dent & sons, ltd.;
Place of publication, distribution, etc. New York ;
Name of publisher, distributor, etc. E. P. Dutton and co.
Date of publication, distribution, etc. 1906 [reprinted 1953]
300 ## - PHYSICAL DESCRIPTION
Pagination x, 372 p. :
Illustrations illus. ;
Size 18 cm.
650 #0 - SUBJECT ADDED ENTRY--TOPICAL TERM
Topical term or geographic name as entry element Fairy tales
Geographic subdivision Germany.
9 (RLIN) 23556
Topical term or geographic name as entry element Children's stories, German
Form subdivision Translations into English.
9 (RLIN) 62982
Topical term or geographic name as entry element Fairy tales.
9 (RLIN) 62983
700 1# - ADDED ENTRY--PERSONAL NAME
Personal name Grimm, Wilhelm,
Dates associated with a name 1786-1859,
Relator term joint author.
942 ## - ADDED ENTRY ELEMENTS (KOHA)
Source of classification or shelving scheme Dewey Decimal Classification
Koha item type Books
Holdings
Lost status Source of classification or shelving scheme Damaged status Not for loan Collection code Permanent Location Current Location Shelving location Date acquired Source of acquisition Cost, normal purchase price Total Checkouts Full call number Date last seen Copy number Koha item type
  Dewey Decimal Classification   Added to bundle Fiction Central Library, University of Rajshahi Central Library, University of Rajshahi Reading Room 07/09/1955 B. H. Blackwell 5.00   833.79 GRH 1953 01/03/2014 C-1 Books